Cẩm nang chăn nuôi vịt

Đã lưu trong:
书目详细资料
主要作者: Hội chăn nuôi Việt Nam
格式: 图书
语言:Undetermined
出版: H. Nông Nghiệp 2002
主题:
标签: 添加标签
没有标签, 成为第一个标记此记录!
Thư viện lưu trữ: Trung tâm Học liệu Trường Đại học Cần Thơ
LEADER 00531nam a2200193Ia 4500
001 CTU_52400
008 210402s9999 xx 000 0 und d
020 |b 11000 
082 |a 636.597 
082 |b H452 
100 |a Hội chăn nuôi Việt Nam 
245 0 |a Cẩm nang chăn nuôi vịt 
245 0 |c Hội chăn nuôi Việt Nam 
260 |a H. 
260 |b Nông Nghiệp 
260 |c 2002 
650 |a poultry,ducks 
650 |x breeding 
980 |a Trung tâm Học liệu Trường Đại học Cần Thơ